000 01685nam a2200265Ia 4500
999 _c50667
_d50667
001 17618
003 GE_BSU
005 20200220123309.0
008 181216s2014ge xx |||||||||||||| ||geo||
020 _a9789941435348
040 _cGE_BSU
041 _ageo
080 _a006 მ-25
100 _aმამულაძე, რომან.
_97235
245 _aსტანდარტიზაცია და სერტიფიკაცია : Standardization and Certification /
_c რომან მამულაძე ; ზაურ ფუტკარაძე ; რედ . ანზორ აბრალავა .
264 _aბათუმი :
_bალიონი,
_c2014.
300 _a334 გვ.:
_bცხრ,
_c20 სმ.
504 _aბიბლიოგრ.გვ:326-329
653 _aსახელმძღვანელოში განხილულია პროდუქციის ხარისხთან და კონკურენტუნარიანობასთან დაკავშირებული საკითხები.სახელმძღვანელო განკუთვნილია ბიზნესის ადმინისტრირების მიმართულების სტუდენტებისათვის.
653 _aსტანდარტები
653 _aსტანდარტიზაცია და სერტიფიკაცია
700 _aფუტკარაძე, ზაურ
_97236
700 _aაბრალავა, ანზორ
_eრედაქტორი
_95290
942 _cBK
_2udc